Responses for show #6730 - Friday, December 13, 2013

Contestants

[<< previous game]

Evan Struble, a librarian from Columbus, Ohio

Tiffany Gholar, an abstract painter from Chicago, Illinois

Woody Bell, an Air Force officer from Columbia, Maryland (whose 1-day cash winnings total $8,399)

[next game >>]

Jeopardy! Round responses

INDIAN FIRSTS
HEY, 4 Is!
LANGUAGES BY ANY OTHER NAME
60 YEARS OF THE TV STATION
(Alex: And to help stations celebrate their affiliation with our show... [*]. These are Jeopardy! affiliates celebrating 60 years.)
ENJOY THE FLIGHT
THE MOVIE IS COMPLIMENTARY
    $200 22
Miss Universe

Woody
    $200 7
indivisible

Woody
    $200 12
(Tiffany: What is the Netherlands--)
(Alex: No.)
(Tiffany: --I'm sorry, what is [*]?)

Dutch

Tiffany
    $200 17
Harrisburg

Evan
    $200 1
(Evan: What is the exit-wing rows?)
[Initially ruled correct; reversed after the first commercial break]

an exit row

Evan
Triple Stumper
    $200 2
Star Wars

Evan
    $400 23
Mother Teresa

Tiffany
    $400 8
the infinitive

Evan
    $400 13
Thai

Woody
    $400 18
Alabama

Evan
    $400 27
supersonic speed

Triple Stumper
    $400 3
The Graduate

Evan
    $600 24
a satellite

Woody
    $600 9
gingivitis

Tiffany
    $600 14
Latvian

Triple Stumper
    $600 19
Dan Rather

Tiffany
    $600 28
The American Way

Evan
    $600 4
Twilight

Evan
    $800 25
grand master

Woody
    $800 10
(Evan: What is legalization?)

decriminalization

Evan
Triple Stumper
    $800 15
Greek

Tiffany
    $800 20
(Woody: What is Cincinnati?)
(Evan: What is Chicago?)

Minneapolis

WoodyTiffanyEvan
    $800 29
Dallas/Fort Worth

Woody
    $800 5
The Social Network

Tiffany
    $1000 26
Kangchenjunga

Triple Stumper
    $1000 11
disciplinarian

Woody
    $1000 16
Yiddish

Tiffany
    $2,400 21
(Tiffany: What is California?)

Nevada

Tiffany
    $1000 30
Size Wise

Triple Stumper
    $1000 6
Deliverance

Evan

Scores at the first commercial break (after clue 16):

Woody Tiffany Evan
$1,600 $3,400 $1,600

Scores at the end of the Jeopardy! Round:

Woody Tiffany Evan
$3,200 $2,800 $2,000

Double Jeopardy! Round responses

MARSH MADNESS
THEIR FIRST TOP 40 POP HIT
SILVER
A CASE OF WRITER'S BLOCK
BEFORE & AFTER
BEHIND EVERY GREAT MAN
    $400 20
the Long March

Triple Stumper
    $400 5
Whitney Houston

Tiffany
    $400 6
(Woody: What is a spoon?)
(Alex: Be more specific.)
(Woody: What is [*]?)

a silver spoon

Woody
    $400 11
(J.K.) Rowling

Evan
    $400 25
Itsy Bitsy Spider-Man

Evan
    $400 18
(Tiffany: What are the Pyrenees?)

the Pennine Alps

Tiffany
Triple Stumper
    $800 21
malaria

Tiffany
    $800 4
Shania Twain

Evan
    $800 7
(Tiffany: What are silver dollars?)

silver certificates

Tiffany
Triple Stumper
    $800 12
Ralph Ellison

Tiffany
    $800 26
sign of the cross examination

Tiffany
    $800 19
an observatory

Tiffany
    $1200 22
Iraq

Woody
    $1200 3
AC/DC

Evan
    $1200 8
silver nitrate

Tiffany
    $1200 13
Dan Brown

Evan
    $1200 27
tug-of-war chest

Tiffany
    $1600 23
Poland

Woody
    $1600 2
Elton John

Evan
    $1600 9
(Alex: Yes, big scandal.)

basketball

Tiffany
    $1600 14
(Alex: Who is [*]? Rime of the Ancient Mariner.)

Samuel Taylor Coleridge

Triple Stumper
    $1600 17
jaws of Life on the Mississippi

Woody
    $2000 24
(Alex: ...with less than a minute to go now, Woody.)

a salt marsh

Triple Stumper
    $2000 1
Johnny Mathis

Tiffany
    $2000 10
cloud seeding

Woody
    $2,800 15
(Alex: Evan?)
(Evan: I don't know.)
(Alex: You're drawing a blank on [*].)

Truman Capote

Evan
    $2000 16
Cleopatra's needle in a haystack

Triple Stumper
    $2000 28
(Woody: Who is Rachmaninoff?)
[The end-of-round signal sounds.]

Vladimir Horowitz

Woody
Triple Stumper

Scores at the end of the Double Jeopardy! Round:

Woody Tiffany Evan
$8,000 $11,200 $4,800

[wagering suggestions for these scores]

Final Jeopardy! Round responses

HEALTH & MEDICINE 2013
[Alex reads "the NIH" as "the NIH--the National Institutes of Health--".]
EvanWhat is scoliosis
$4,799
WoodyWhat obesity
$7,999
TiffanyWhat is -
$4,801
depression

Final scores:

Woody Tiffany Evan
$1 $6,399 $1
2nd place: $2,000 New champion: $6,399 3rd place: $1,000

Game dynamics:

Coryat scores:

Woody Tiffany Evan
$8,000 $13,600 $7,600
12 R,
2 W
17 R,
3 W
(including 1 DD)
14 R,
4 W
(including 1 DD)

Combined Coryat: $29,200

The J! Archive is created by fans, for fans. The Jeopardy! game show and all elements thereof, including but not limited to copyright and trademark thereto, are the property of Jeopardy Productions, Inc. and are protected under law. This website is not affiliated with, sponsored by, or operated by Jeopardy Productions, Inc. Join the discussion at JBoard.tv.